| 000 | 00733nam a2200217 i 4500 | ||
|---|---|---|---|
| 001 | 146272 | ||
| 003 | ES-MaACL | ||
| 005 | 20250808084751.0 | ||
| 007 | t| | ||
| 008 | 070906s1967 sp ||||1| spa d | ||
| 080 | _a347(45)(075.8) | ||
| 100 | 1 |
_aTrabucchi, Alberto. _9111205 |
|
| 245 | 1 | 0 |
_aInstituciones de Derecho Cívil / _cAlberto Trabucchi ; traducción... con notas... por Luis Martínez-Calcerrada. |
| 260 |
_aMadrid : _bRevista de Derecho Privado, _c[1967] |
||
| 300 |
_a2 v. ; _c23 cm. |
||
| 650 | 7 |
_aDerecho civil- _zItalia _2 _9151730 |
|
| 700 | 1 |
_aMartínez-Calcerrada, Luis. _977909 |
|
| 710 | 2 |
_aRevista de Derecho Privado. _96443 |
|
| 852 |
_aES-MaACL _jC-32035-6 _bR.62444 |
||
| 999 |
_c146272 _d146272 |
||